000 00754nam a22002657a 4500
001 BR8306013
003 BR-BrBNA
005 20230928091822.0
007 ta
008 230509b bl.||||| |||| 00| 0 por d
040 _aBR-BrBNA
_bpor
_cBiblioteca Nacional de Agricultura
041 _a(Por)
072 _aN01
090 _ N01 BR8306013
100 1 _aMaciel, M.J.
100 1 _aKokuszka, P.M.
245 1 _aCaixa d'agua
_bApresentado no 1. Concurso de Equipamentos Agricolas Adaptados ao Pequeno Produtor
260 3 _aAlmirante Tamandare, PR (Brasil):
_c1983.
300 _a4 p.
650 _aTECNOLOGIA APROPRIADA
650 _aSANEAMENTO RURAL
650 _aRESERVATORIO DE AGUA
909 _a202309
_bLucia
_c55
_dLucia Elande
942 _cBK
999 _c35695
_d35695